Os 15 principais países afetados pela Covid-19 - 20 de maio - Statistics

Estatísticas Gerais
  • Esse quiz foi jogado 6 vezes
  • A pontuação média é 18 de 25
Estatísticas das Respostas
país % Correto
Brasil
100%
Canadá
100%
China
100%
Estados Unidos
100%
França
100%
Índia
100%
Itália
100%
Reino Unido
100%
Rússia
100%
Suíça
100%
Alemanha
80%
Bélgica
80%
Espanha
80%
Irão
80%
Peru
80%
Irlanda
60%
Portugal
60%
Suécia
60%
Turquia
60%
Arábia Saudita
40%
Bielorrússia
40%
Singapura
40%
Catar
20%
Bahrein
0%
Kuweit
0%
Nenhum quiz correspondente encontrado
Distribuição das Pontuações
Porcentagem de Pessoas com Cada Pontuação
Percentil de Números Respondidos
Sua Pontuação Histórica
Você não jogou esse quiz